| 000 | 00562nam a2200193Ia 4500 | ||
|---|---|---|---|
| 999 |
_c7700 _d7700 |
||
| 003 | OSt | ||
| 005 | 20210628163157.0 | ||
| 008 | 151021s9999 xx 000 0 und d | ||
| 020 | _a080361473-x | ||
| 040 |
_aMMU _beng _cMMU _dMMU |
||
| 050 | _aRT 41 .W56 2007 | ||
| 100 | _aJudith, M.Wilkinson | ||
| 245 |
_aProcedure checklist for Fundamental of nursing/ _cJudith M Wilkinson. |
||
| 260 |
_aPhiladelphia: _bF.A Davis, _c2007. |
||
| 300 | _aviii, 304 p. : | ||
| 650 | _a_Fundamentals of nursing | ||
| 700 | _aKaren Van leuven | ||
| 942 |
_2lcc _cLOAN LOAN |
||